00352nam a2200145Ia 45000030006000000050017000060080041000230400009000640410012000730820019000851000018001042450062001222600014001843000008001980Nust20170105110255.0161124s9999 xx 000 0 und d cIGIS aEnglish a621.38173bMIL aJacob Millman aMicro Electronics Digital and Analog Circuits and Systems aUSAc1983 a881